000 01069nam a2200289Ia 4500
003 OSt
005 20221005111312.0
006 a|||||r|||| 00| 0
007 ta
008 221004b |||||||| |||| 00| 0 hin d
020 _a9789350009567 (hbk)
_c395
024 _a19675
037 _b517, 21/03/2015, Vani Prakashan
_cTextual
040 _aCRL
_cCRL
_bhin
041 _2hin
_ahin
082 _aO152,3N33,BU, M8.2
100 _aजोशी, मनोहर श्याम
245 0 _aबुनियाद
246 _aBuniyāda
260 _aनई दिल्ली
_bवाणी प्रकाशन भारत
_c2012
300 _a268पृ0
_ccm.
490 _vभाग 2
650 _aहिन्दी साहित्य
700 _a अबोध, भूपेन्द्र, संपा.
942 _hO152,3N33,BU, M8.2
_cTEXL
_2cc
999 _c1021435
_d1021435